Монетон бөгж (Бичлэгийн дугаар. 1098754)

MARC дэлгэрэнгүй
000 -Удирдлага
Ном зүйн бүртгэл тоо буюу кодлох утгыг агуулсан 00635nam a22002177a 4500
008 - ЕРӨНХИЙ МЭДЭЭЛЭЛ-ЭЛЕМЕНТҮҮДИЙН ӨГӨГДЛИЙН УРТ
fixed length control field 240702b mp ||||| |||| 00| 0 mon d
035 ## - СИСТЕМИЙН ХЯНАЛТЫН ДУГААР
Системийн хяналтын дугаар 5894
040 ## - ЭХ СУРВАЛЖИЙГ ТОДОРХОЙЛОН БИЧИХ
Анхны каталогийн байгууллага ZA2481090
Каталогийн хэл Монгол
Бичлэг хийж нэвтрүүлэх байгууллага MN-UlNLM
Өөрчлүүлэх байгууллага MN-UlNLM
Бичиглэлийн тодорхойлолт rda
041 ## - ХЭЛНИЙ КОД
Текстийн хэлний код/фонограм буюу салангид гарчиг Монгол
042 ## - AUTHENTICATION CODE
Authentication code 18018
084 ## - БУСАД АНГИЛЛЫН ДУГААР
Ангиллын нэр Номын сан номзүйн ангилал
Анги 84/5мон/-44
Зохиогчийн 3-н тэмдэгт Б-109
100 ## - ЗОХИОГЧИЙН ХЭСЭГ
Зохиогчийн нэр Баасансүрэн Т.
245 #0 - ҮНДСЭН ГАРЧИГ
Гарчиг Монетон бөгж
264 ## - ГАРАЛТЫН МЭДЭЭ
Хэвлэгдсэн газар Улаанбаатар
Бүтээгч, хэвлэгч, түгээгч, үйлдвэрлэгчийн нэр Засгийн газрын ХҮ
Хэвлэгдсэн он 1991
300 ## - ТООНЫ МЭДЭЭ
Хуудасны тоо 87х.
336 ## - АГУУЛГЫН ТӨРӨЛ
Нөөц rdacontent
Агуулгын төрлийн нөхцөл text
Агуулгын төрлийн код txt
337 ## - MEDIA TYPE
Эх сурвалж rdamedia
Файлын төрөл unmediated
Файлын код n
338 ## - CARRIER TYPE
Source rdacarrier
Carrier type term volume
Carrier type code nc
650 ## - Сэдэв
Сэдэв Тал, Оточ
942 ## - ЭЛЕМЕНТИЙН ТӨРӨЛ
Анги Номын сан номзүйн ангилал
Төрөл Ном
Захиалгууд
Буцаан татагдсан төлөв Хасагдсан шалтгаан Гэмтсэн төлөв Данс заагч Захиалах боломжгүй Үндсэн номын сан Одоогийн байршил Салбар танхим Салбар танхим Бүртгэсэн огноо Тавиурын заалт Баркод Үнэ Хамгийн сүүлд байсан огноо Нийт уншлаганд гарсан тоо Дансны дугаар Төрөл
          Завхан аймаг Завхан аймаг Завхан | Гэрээр ном олгох танхим Завхан | Гэрээр ном олгох танхим 2024-07-06 84/5мон/-44 Б-109 ZA2485894-1-1 500.00 2024-07-06   87474 Ном
          Завхан аймаг Завхан аймаг Завхан | Гадаад уншлагын танхим Завхан | Гадаад уншлагын танхим 2024-07-06 84/5мон/-44 Б-109 ZA2485894-4-1 500.00 2024-07-06   87472 Ном
          Завхан аймаг Завхан аймаг Завхан | Гадаад уншлагын танхим Завхан | Гадаад уншлагын танхим 2024-07-06 84/5мон/-44 Б-109 ZA2485894-4-2 500.00 2024-07-06   88064 Ном